Detalles MARC
| 000 -LEADER |
| longitud fija campo de control |
01918nab a22004457a 4500 |
| 003 - IDENTIFICADOR DE NUMERO DE CONTROL |
| control del campo |
AR-RoUNA |
| 022 ## - ISSN |
| ISSN |
1850-6518 |
| 040 ## - ORIGEN DE LA CATALOGACION |
| Agencia que cataloga la obra original |
AR-RoUNA |
| 245 1# - TITULO PROPIAMENTE DICHO |
| Titulo |
Habitat |
| 300 0# - DESCRIPCION FISICA |
| Extension |
57 p. |
| Otros detalles fisicos |
fot. byn., |
| -- |
planos, |
| -- |
fot. col., |
| Dimensiones |
28x20 cm |
| 505 0# - NOTA DE CONTENIDO CON FORMATO |
| Título |
RESTAURACION |
| 505 0# - NOTA DE CONTENIDO CON FORMATO |
| Título principal |
Palacio Pereda. Restauración de los exteriores. (actual Residencia del embajador de Brasil en Buenos Aires). |
| 505 0# - NOTA DE CONTENIDO CON FORMATO |
| Título |
INVESTIGACION RESTAURACION |
| 505 0# - NOTA DE CONTENIDO CON FORMATO |
| Título principal |
Alessandro Sartor / El análisis, la restauración, el modelo.Iglesia San Carlos de las Cuatro Fuentes, Roma. |
| 505 0# - NOTA DE CONTENIDO CON FORMATO |
| Título |
RESTAURACION |
| 505 0# - NOTA DE CONTENIDO CON FORMATO |
| Título principal |
Marcelo J. Marcev y Guillermo J. Frontera / resconstrucción y puesta en valor de la casa Marco del Pont. |
| 505 0# - NOTA DE CONTENIDO CON FORMATO |
| Título |
ARTE |
| 505 0# - NOTA DE CONTENIDO CON FORMATO |
| Título principal |
Habitat para arquitectos plásticos. Concurso de pintura para arquitectos y estudiantes de arquitectura. |
| 505 0# - NOTA DE CONTENIDO CON FORMATO |
| Título |
RESTAURACION |
| 505 0# - NOTA DE CONTENIDO CON FORMATO |
| Título principal |
Obras de restauración. Nuestra Señora de la Merced |
| 505 0# - NOTA DE CONTENIDO CON FORMATO |
| Título |
ARTE - ENTREVISTA |
| 505 0# - NOTA DE CONTENIDO CON FORMATO |
| Título principal |
Edgardo Rodríguez. Neosignificación - Manifiesto - Pintura - Objetos |
| 505 0# - NOTA DE CONTENIDO CON FORMATO |
| Título |
PATOLOGIA Y RECUPERACION |
| 505 0# - NOTA DE CONTENIDO CON FORMATO |
| Título principal |
Bourguignon, Eduardo / Ley de Balcones. Patologías inherentes a la a la Ley 257 |
| 505 0# - NOTA DE CONTENIDO CON FORMATO |
| Título principal |
Monk, Felipe / Intervenciones en patología de los revestimientos. |
| 505 0# - NOTA DE CONTENIDO CON FORMATO |
| Título |
TECNOLOGIA |
| 505 0# - NOTA DE CONTENIDO CON FORMATO |
| Título principal |
Comino Almenara, Pablo Ignacio / Vetrotec. G.R.C. Microhormigón armado con fibra de vidrio |
| 505 0# - NOTA DE CONTENIDO CON FORMATO |
| Título |
SEMINARIO |
| 505 0# - NOTA DE CONTENIDO CON FORMATO |
| Título principal |
Seminario sobre restauración y partimonio a cargo de Remmers. |
| 650 0# - MATERIA - TERMINO TEMATICO |
| Término tematico general |
Arquitectura |
| 650 0# - MATERIA - TERMINO TEMATICO |
| Término tematico general |
Construcción |
| 650 0# - MATERIA - TERMINO TEMATICO |
| Término tematico general |
Historia |
| 700 ## - ENTRADA SECUNDARIA - NOMBRES PERSONALES |
| 9 (RLIN) |
25318 |
| Nombre personal |
Leguizamón, Eduardo Manuel |
| Función |
dir. ed. |
| 773 0# - ENTRADA DEL ITEM MAYOR |
| Entrada principal |
Habitat |
| Lugar, editorial y fecha de la publicación |
Buenos Aires, Mundo Editorial |
| Vol. - nro. (mes-año), pág. |
año 6 - nº33 (nov-2000) |
| ISSN |
1850-6518 |
| 856 ## - LOCALIZACION ELECTRONICA Y ACCESO |
| Identificador uniforme de recursos |
<a href="https://revistahabitat.com/">https://revistahabitat.com/</a> |
| 908 ## - SOPORTE |
| Soporte |
Imp |
| 942 ## - FUENTE DE CLASIFICACION |
| Clasificacion |
Universal Decimal Classification |
| Tipo de item |
Analítica |
| 945 ## - INFORMACION DE PROCESAMIENTO |
| Fecha de ingreso o modificacion |
2023-03-30 |
| 980 ## - EQUIVALENCE OR CROSS-REFERENCE-SERIES STATEMENT--PERSONAL NAME/TITLE [LOCAL, CANADA] |
| Linkage |
5 |
| Personal name |
María Machado |
| Field link and sequence number |
5 |
| Miscellaneous information |
María Machado |